LEADER 00919nam a2200229 i 4500 001 000000173298 003 CaOOAMICUS 005 20080711000000.0 008 080711s1943 it u000 u ita u 013 $a150750 040 $aSeMil$bita 245 12$aI dialoghi di Luciano /$cTradotti da Mosca col dovuto rispetto. 260 $aMilano ; Roma :$bRizzoli,$cstampa 1943. 300 $a263 p. ;$c19 cm. 490 0 $aI nostri umoristi 600 04$aLuciano : di Samostata .$0(OLS)http://semarc/subject/32464 700 1 $aMosca, Giovanni,$d<1908-1983>.$0(OLS)http://semarc/name/37078 830 2$aI nostri umoristi.$0(OLS)http://semarc/title/26065 850 $aSeMil 852 $aSeMil$W1$xVenegono$y1$m1Z II 42$j124144$B124144$CSeMilBibl$Z2$F135249 $81 996 $6245$aI dialoghi di Luciano$9(OLS)http://semarc/title/248205 996 $6260$aMilano ; Roma :$bRizzoli$9(OLS)http://semarc/publisher/33113 LEADER 00612naa a2200145 i 4500 001 000000302214 003 CaOOAMICUS 005 20180831172737.0 008 180831n xx u000 u und u 013 $a9949 040 $aSeMil$bita 100 1 $aGoenaga, Jose Antonio .$0(OLS)http://semarc/name/27434 245 13$aEl Corazón de Cristo y el ministerio eucarístico del sacerdocio m. 773 0 $tCorazón sacerdotal de Jesucristo.$dBurgos : Aldecoa, 1984.$kTeología del sacerdocio$z84-7009-218-9$w()35972 996 $6245$aEl Corazón de Cristo y el ministerio eucarístico del sacerdocio m$9(OLS)http://semarc/title/378198